| 000 | 01479nam a2200385Ia 4500 | ||
|---|---|---|---|
| 001 | dia_5675 | ||
| 003 | CHAP | ||
| 005 | 20250925093623.0 | ||
| 007 | ta | ||
| 008 | 220117s1999 mx ade f 001 0 spa d | ||
| 040 |
_cCHAP _amxchpua |
||
| 090 |
_aT.C.280 _bE87 ETIPA _c1999 |
||
| 245 | 1 | 0 |
_aPlanta Pasteurizadora Aguascalientes, S. A. / _ccoordinador Teodoro Espinosa Solares ; colaborador Laura Rubí López Rodríguez...[et al.] |
| 260 |
_aMéxico : _bEl autor, _c1999 |
||
| 300 |
_acerca 150 hojas : _bilustraciones, tablas, gráficas, planos |
||
| 336 |
_2rdacontent _atexto _btxt |
||
| 337 |
_2rdamedia _asin medio _bn |
||
| 338 |
_2rdacarrier _avolumen _bnc |
||
| 500 | _aGrado : 7° año | ||
| 502 |
_aViaje de Estudios _b(ETIPA) -- _cUACh. Departamento de Ingeniería Agroindustrial, _d1999 |
||
| 504 | _aBibliografía : hoja 30 | ||
| 505 | 0 | 0 | _aContiene 1 plano : -- 1.Diagrama de flujo del área de pasteurización |
| 650 | 1 | 0 |
_aIndustria lechera _x _zMéxico _zAguascalientes _9148572 |
| 650 | 1 | 3 |
_aPasteurización en la leche _9159264 |
| 650 | 1 | 0 |
_aDairy industry _zMexico _zAguascalientes _9148569 |
| 650 | 1 | 3 |
_aPasteurization _9148796 |
| 700 | 1 |
_aEspinosa Solares, Teodoro _9153069 _ecoordinador |
|
| 700 | 1 |
_aLópez Rodríguez, Laura Rubí _968291 _ecolaborador |
|
| 901 | _aT.C.280 E87 ETIPA 1999 | ||
| 902 | _aM | ||
| 905 | _a5332271999 mx enm 8223123322spa16 | ||
| 942 | _2local | ||
| 942 | _cVE | ||
| 999 |
_c176655 _d176655 |
||